000 01584nam a22002417a 4500
999 _c6235
_d6235
003 DO-SdBJH
005 20210527201441.0
008 210527b ||||| |||| 00| 0 spa d
040 _aDO-SdBJH
_bspa
_cDO-SdBJH
090 _aTG AAGBPFAFM
_b01496 2018
100 1 _aAraujo Méndez, Ramón Adonis
_esustentante
245 1 0 _aIdentificar las capacidades de los Comando de Infantería de la Fuerza Aérea de República Dominicana (FARD) en el desarrollo de las misiones de Seguridad y Defensa de la Nación /
_c Ramón Adonis Araujo Méndez, Juan Alberto Florián Cruz, asesores Julio Manuel Arias Durán, Tebi Rodríguez Hernández
260 _aSanto Domingo Este :
_bINSUDE,
_c2018
300 _axi, 65 páginas
502 _aTrabajo de grado (Licenciatura en Ciencias Aeronáuticas). -- Instituto Superior para la Defensa (INSUDE). Academia Aérea Gral. De Brig. Pil. Frank A. Feliz Miranda, 2018
504 _aIncluye referencias bibliográficas e índices
505 _aAntecedentes históricos de la Infantería en la Fuerza Aérea de República Dominicana. -- Situación actual de los Comando de Infantería de la Fuerza Aérea de República Dominicana. -- Adecuación de las capacidades de los Comando de Infantería de la FARD a las misiones de Seguridad y Defensa Nacional
700 1 _a Florián Cruz, Juan Alberto
_esustentante
700 1 _aArias Durán, Julio Manuel
_easesor
700 1 _a Rodríguez Hernández, Tebi
_easesor
830 _aINSUDE. Academia Aérea Gral. De Brig. Pil. Frank A. Feliz Miranda. Tesis y disertaciones académicas
942 _2CL
_cT